Southville International School and Colleges
Your cart is empty.
  • Cart
  • Lists
    Public lists Eva Luna New books Lux_list list_1
    Your lists Log in to create your own lists
  • Log in to your account
  • Your cookies
  • Search history
Southville International School and Colleges
  • Advanced search
  • Recent comments
  • Most popular
  • Libraries

Log in to your account

Log in with GOOGLE


If you do not have an external account, but do have a local account, you can still log in:

  1. Home
  2. MARC view: Corporate financial accounting
Normal view MARC view ISBD view

Corporate financial accounting (Record no. 367348)

[ view plain ]
MARC details
000 -LEADER
fixed length control field 00728nam a22002297a 4500
003 - CONTROL NUMBER IDENTIFIER
control field 0
005 - DATE AND TIME OF LATEST TRANSACTION
control field 20250331103716.0
008 - FIXED-LENGTH DATA ELEMENTS--GENERAL INFORMATION
fixed length control field 250329b xxu||||| |||| 00| 0 eng d
020 ## - INTERNATIONAL STANDARD BOOK NUMBER
International Standard Book Number 978-0-357-92962-9
050 ## - LIBRARY OF CONGRESS CALL NUMBER
Classification number HF 5681
Item number .W37 2025
100 ## - MAIN ENTRY--PERSONAL NAME
Personal name Warren, Carl S.
245 ## - TITLE STATEMENT
Title Corporate financial accounting
Statement of responsibility, etc Carl S. Warren and two others
250 ## - EDITION STATEMENT
Edition statement Seventeenth edition
260 ## - PUBLICATION, DISTRIBUTION, ETC. (IMPRINT)
Place of publication, distribution, etc Mason, Ohio
Name of publisher, distributor, etc Cengage
Date of publication, distribution, etc 2025
300 ## - PHYSICAL DESCRIPTION
Extent xxii, 755 pages :
Other physical details colored illustartions ;
Dimensions 28cm.
504 ## - BIBLIOGRAPHY, ETC. NOTE
Bibliography, etc Includes appendix, glossary, and index.
650 ## - SUBJECT ADDED ENTRY--TOPICAL TERM
Topical term or geographic name as entry element Corporate Financial Accounting.
650 ## - SUBJECT ADDED ENTRY--TOPICAL TERM
Topical term or geographic name as entry element Financial Accounting.
700 ## - ADDED ENTRY--PERSONAL NAME
Personal name Jones, Jefferson P.
700 ## - ADDED ENTRY--PERSONAL NAME
Personal name Tayler, William B.
942 ## - ADDED ENTRY ELEMENTS (KOHA)
Source of classification or shelving scheme Library of Congress Classification
Koha item type Books
Holdings
Withdrawn status Lost status Source of classification or shelving scheme Damaged status Home library Current library Shelving location Date acquired Source of acquisition Sub Shelving location Total Checkouts Full call number Barcode Date last seen Price effective from Koha item type
    Library of Congress Classification   College Library College Library Graduate Section 03/29/2025 Library Fund     HF 5681 .W37 2025 C24295 03/29/2025 03/29/2025 Books

Corporate financial accounting

APA

Warren C. S., Jones J. P. & Tayler W. B. (2025). Corporate financial accounting. Mason, Ohio: Cengage.

Chicago

Warren Carl S, Jones Jefferson P and Tayler William B. 2025. Corporate financial accounting. Mason, Ohio: Cengage.

Harvard

Warren C. S., Jones J. P. and Tayler W. B. (2025). Corporate financial accounting. Mason, Ohio: Cengage.

MLA

Warren Carl S, Jones Jefferson P and Tayler William B. Corporate financial accounting. Mason, Ohio: Cengage. 2025.

  • Place hold
  • Print
  • Cite
  • Add to your cart (remove)
  • Save record
    BIBTEX Dublin Core MARCXML MARC (non-Unicode/MARC-8) MARC (Unicode/UTF-8) MARC (Unicode/UTF-8, Standard) MODS (XML) RIS
  • More searches
    Search for this title in:
    Other Libraries (WorldCat) Other Databases (Google Scholar) Online Stores (Bookfinder.com) Open Library (openlibrary.org)

Exporting to Dublin Core...

SOUTHVILLE LIBRARY

Southville International School and Colleges Library

1281 Tropical Ave. Cor. Luxembourg St., BF Homes International, Las Pinas City

Tel. No. 8256374 / 252358 Loc. 117/146

Powered by Koha